Statistiques concernant La Géorgie pour les touristes... - Facile

Cliquez ici pour prendre le quiz!

Statistiques générales

  • Ce quiz a été pris 14 fois
  • Le résultat moyen est 9 sur 20

Statistiques - réponses

QuestionIndiceRéponsesIndice facile% Correct
Le suffixe internet estge
100%
Code sur les plaques minéralogiquesGE
100%
Quelles sont les langues officielles?Géorgien
100%
Le principal aéroport estTTbilissi
83%
Achats à faire2/ BoissonVinNIV
83%
Combien d'heures (environ) mettrez-vous pour vous y rendre ? (en chiffres)5
75%
La religion majoritaire estChristianismeC
75%
Dans la capitale quel est le décalage horaire avec Paris ? (+ ou - et chiffre) ex - 10 ou + 3,5+ 2
67%
Achats à faire1/ Pour la tableNappePENPA
67%
Achats à faire3/ Bijou enEmailMAILE
58%
Quelle est la monnaie ?LariL
33%
Comment se nomme la principale compagnie aérienne localeG AGeorgian AirwaysISWAIAGERAYRNGO
25%
Quelles sont les principaux lieux touristiques ?TSites {troglodytes}ESDGOTLORTY
25%
Quelles sont les langues officielles?AbkhazeA
17%
Quelles sont les principaux lieux touristiques ?K{Koutaïssi}SIKIOUTAS
17%
Quels sont les climats locaux ?C S{Continental} & {Subtropical}
8%
Quel est le régime du pays ?R S-PRépublique Semi-présidentielle
8%
Quelles sont les principaux lieux touristiques ?OCommunauté {Ouchgouli}HOUOUGILC
0%
Quelles sont les principaux lieux touristiques ?D GMonastère de {David Gareja}DIDEAVARJAG
0%
Quelles sont les principaux lieux touristiques ?SRégion de {Svanétie}AVEINTES
0%

Distribution des résultats

Percentile par nombre de réponses

% des personnes avec chaque résultat

Votre développement - résultats

Vous n’avez pas pris ce quiz